000 00341pam a2200157a 44500
008 230405s1996 xxu||||| |||| 00| 0 eng d
041 _aENG
100 _aDANIELS A
245 _aBASIC SYSTEM ANALYSIS
250 _a1996
260 _aNULL
_bB.P.B. PUBLICATIONS
_c1996
300 _a1
650 _aSAD
690 _aMBA
906 _a360
999 _c281171
_d281171